[Event "It GM"]
[Site "?"]
[Date "1994.??.??"]
[Round "2"]
[White "Polgar Judit"]
[Black "Topalov Veselin"]
[Result "1-0"]
[WhiteElo "2630"]
[BlackElo "2640"]
[PlyCount "95"]
[EventDate "1994.??.??"]
[Source "www.chesslib.no"]
[SourceDate "2004.05.04"]

1. d4 Nf6 2. Nf3 e6 3. Bf4 b6 4. e3 Bb7 5. Nbd2 Be7 6. Bd3 Nh5 7. Bg3 d6 8. c3 Nd7 9. Qc2 g6 10. a4 a6 11. O-O O-O 12. h3 Nxg3 13. fxg3 c5 14. Rf2 Qc7 15. Raf1 d5 16. g4 Rae8 17. c4 cxd4 18. exd4 e5 19. cxd5 Qxc2 20. Bxc2 exd4 21. Nxd4 Bxd5 22. Kh1 Bc5 23. Rf4 Re3 24. N4f3 Rc8 25. Ne4 Bd6 26. Nxd6 Rxc2 27. Nxf7 Re7 28. Nh6+ Kg7 29. g5 Rxb2 30. Rd1 Ba2 31. Kh2 a5 32. Nd4 Nc5 33. Rf6 Re8 34. h4 Kh8 35. Rdf1 Rb4 36. R1f4 Nxa4 37. h5 gxh5 38. Rf8+ Rxf8 39. Rxf8+ Kg7 40. Rf6 Rxd4 41. Nf5+ Kg8 42. Nxd4 Nc5 43. Rxb6 a4 44. Kg3 Kf7 45. Rc6 Nd3 46. Ra6 Nb2 47. Kf4 Nd3+ 48. Kf5 1-0

[Event "Minsk op"]
[Site "?"]
[Date "1997.??.??"]
[Round "8"]
[White "Malaniuk Vladimir P"]
[Black "Aleksandrov Aleksej"]
[Result "1-0"]
[WhiteElo "2610"]
[BlackElo "2615"]
[PlyCount "51"]
[EventDate "1997.??.??"]
[Source "www.chesslib.no"]
[SourceDate "2004.05.04"]

1. d4 Nf6 2. Nf3 e6 3. e3 b6 4. Bd3 Bb7 5. O-O Be7 6. c4 O-O 7. Nc3 h6 8. e4 d5 9. cxd5 exd5 10. e5 Ne4 11. Qe2 Nxc3 12. bxc3 Qc8 13. Bb1 Ba6 14. Qc2 g6 15. Re1 Kg7 16. Qd2 Rh8 17. e6 f5 18. g4 Nc6 19. gxf5 gxf5 20. Qf4 Qf8 21. Qg3+ Kh7 22. Kh1 Qf6 23. Nh4 Bd6 24. Qh3 Ne7 25. Nxf5 Kg8 26. Nxd6 1-0

[Event "LXVI Campionato georgiano"]
[Site "Tbilisi GEO"]
[Date "2007.03.19"]
[Round "5"]
[White "Giorgadze, G1."]
[Black "Gelashvili, T."]
[Result "1/2-1/2"]
[WhiteElo "2610"]
[BlackElo "2612"]
[PlyCount "99"]
[EventDate "2007.03.14"]
[Source "www.chesslib.no"]
[SourceDate "2004.05.04"]

1. d4 Nf6 2. Nf3 e6 3. e3 b6 4. Bd3 Bb7 5. O-O c5 6. b3 Be7 7. Bb2 O-O 8. Nbd2 cxd4 9. exd4 d6 10. c4 Nbd7 11. Re1 Re8 12. b4 a5 13. a3 axb4 14. axb4 Rxa1 15. Qxa1 Qc7 16. Qd1 b5 17. c5 Bc6 18. Nb3 Nd5 19. Qd2 Bf6 20. Ng5 Bxg5 21. Qxg5 N7f6 22. Qd2 Ra8 23. Ra1 Rxa1+ 24. Bxa1 Qd7 25. Bf1 Nc7 26. Na5 Nfd5 27. Bc3 Ba8 28. Qc1 f6 29. Bd2 dxc5 30. bxc5 Ne7 31. Qb2 g5 32. h3 h6 33. Bc3 Kg7 34. Qa3 Bd5 35. Bb2 Nc6 36. Nxc6 Qxc6 37. Qb4 Kf7 38. Bc3 Qb7 39. f3 Bc6 40. Qb1 Kg7 41. Bd2 Nd5 42. h4 Qa6 43. Kh2 Qb7 44. Qe4 Nf4 45. Qe1 Qd7 46. g3 Ng6 47. Qe3 e5 48. hxg5 hxg5 49. Bc3 Qd5 50. Bd3 1/2-1/2

[Event "ch-Euro Blitz"]
[Site "Ajaccio FRA"]
[Date "2007.10.26"]
[Round "25"]
[White "Prie, E."]
[Black "Karpov, Ana"]
[Result "1/2-1/2"]
[WhiteElo "2532"]
[BlackElo "2670"]
[PlyCount "63"]
[EventDate "2007.10.25"]
[Source "www.chesslib.no"]
[SourceDate "2004.05.04"]

1. d4 Nf6 2. Nf3 e6 3. Bf4 b6 4. e3 Bb7 5. h3 c5 6. c3 cxd4 7. cxd4 Nc6 8. a3 Be7 9. Nc3 d5 10. Bd3 O-O 11. O-O Rc8 12. Qe2 Na5 13. Ne5 Nd7 14. Rfe1 Nxe5 15. Bxe5 Nc4 16. Bg3 Nd6 17. Rac1 Qd7 18. Rc2 Nc4 19. Rec1 a6 20. Nb1 b5 21. b3 Nd6 22. Rc5 Rc6 23. Rxc6 Bxc6 24. Bxh7+ Kxh7 25. Qc2+ Ne4 26. Qxc6 Qxc6 27. Rxc6 a5 28. Rc7 Kg6 29. Rc6 Rb8 30. Rc7 Bd6 31. Rc6 Bxg3 32. fxg3 1/2-1/2

[Event "VII Gibtelecom Masters"]
[Site "Caleta ING"]
[Date "2009.02.05"]
[Round "10"]
[White "Roiz, M."]
[Black "Papp, Ga"]
[Result "1/2-1/2"]
[WhiteElo "2647"]
[BlackElo "2517"]
[PlyCount "140"]
[EventDate "2009.01.27"]
[Source "www.chesslib.no"]
[SourceDate "2004.05.04"]

1. Nf3 Nf6 2. g3 b6 3. d4 e6 4. Bg2 d5 5. c4 c6 6. O-O Nbd7 7. Nc3 Be7 8. Nd2 Bb7 9. e4 dxe4 10. Ndxe4 Nxe4 11. Nxe4 Nf6 12. Bf4 Qd7 13. Qe2 O-O 14. Rfd1 a5 15. Nc3 Ba6 16. Na4 Qb7 17. b3 Rac8 18. Qe1 Rfd8 19. c5 bxc5 20. Nxc5 Qb6 21. Rac1 Bxc5 22. dxc5 Rxd1 23. cxb6 Rxe1+ 24. Rxe1 Nd5 25. Be3 Kf8 26. Bc5+ Ke8 27. Bd4 g6 28. Rc1 Bb7 29. Bf1 Kd7 30. f4 h5 31. Kf2 Ra8 32. a3 Ba6 33. Bg2 Bb7 34. Bf3 Ra6 35. Be2 Ra8 36. Bd3 Ba6 37. Be4 Bb7 38. Ke1 Ra6 39. Bd3 Ra8 40. Kd2 Ba6 41. Be4 Bb7 42. Rc2 a4 43. b4 Ba6 44. Bd3 Bxd3 45. Kxd3 Rb8 46. Rc5 Nxb6 47. Ra5 Kc8 48. Ra7 Nd7 49. Rxa4 f6 50. Kc4 e5 51. fxe5 fxe5 52. Be3 Kc7 53. Ra7+ Kd6 54. a4 Rf8 55. Bc5+ Nxc5 56. bxc5+ Ke6 57. Rc7 Ra8 58. Rxc6+ Kf5 59. Kb5 e4 60. Rc7 Ke6 61. Rc6+ Ke5 62. Rd6 e3 63. Rd1 Rb8+ 64. Kc4 Ke4 65. c6 e2 66. Re1 Ke3 67. Kc5 Rb2 68. a5 Rc2+ 69. Kb6 Rb2+ 70. Kc7 Ra2 1/2-1/2

[Event "otb"]
[Site "otb"]
[Date "2007.05.09"]
[Round "8"]
[White "Belikov Vladimir"]
[Black "Brodsky Michail"]
[Result "1/2-1/2"]
[WhiteElo "2564"]
[BlackElo "2597"]
[PlyCount "29"]
[Source "www.chesslib.no"]
[SourceDate "2004.05.04"]

1. d4 Nf6 2. Nf3 e6 3. e3 b6 4. Bd3 Bb7 5. O-O g6 6. c4 Bg7 7. Nc3 d5 8. cxd5 Nxd5 9. Nxd5 exd5 10. b4 O-O 11. a4 c6 12. Ba3 Nd7 13. Rc1 Rc8 14. Qe2 Rc7 15. Rc2 1/2-1/2

[Event "Mind Sports Games - Blitz Ind"]
[Site "Pechino CINA"]
[Date "2008.10.04"]
[Round "7"]
[White "Sandipan, C."]
[Black "Fier, A."]
[Result "1-0"]
[WhiteElo "2579"]
[BlackElo "2581"]
[PlyCount "163"]
[EventDate "2008.10.04"]
[Source "www.chesslib.no"]
[SourceDate "2004.05.04"]

1. d4 Nf6 2. Nf3 e6 3. Bg5 b6 4. e3 Bb7 5. Nbd2 Be7 6. Bd3 c5 7. c3 cxd4 8. exd4 O-O 9. O-O d6 10. Qe2 Nbd7 11. a4 a6 12. Bh4 Re8 13. Rfc1 Qc7 14. b4 Nd5 15. Bg3 Rac8 16. Bxa6 Nxc3 17. Qd3 Bxa6 18. Qxa6 Qb8 19. Qd3 Nd5 20. Qb3 f5 21. h3 N7f6 22. Bh4 h6 23. Bxf6 Bxf6 24. a5 bxa5 25. bxa5 Rxc1+ 26. Rxc1 Qa7 27. Nc4 Rb8 28. Qa3 Be7 29. Re1 Nc7 30. Qa4 Kf7 31. Qd7 Rd8 32. Nxd6+ Kf8 33. Nc8 Rxd7 34. Nxa7 Bb4 35. Ra1 Rd6 36. Ne5 Bc3 37. Ra3 Bxd4 38. Nac6 Bxe5 39. Nxe5 Ke7 40. f4 g5 41. Rg3 Kf6 42. fxg5+ Kxe5 43. gxh6 Rd8 44. Rg7 Na6 45. Ra7 Nc5 46. Rc7 Ne4 47. a6 f4 48. Rc1 Kf6 49. a7 Ra8 50. h7 Ng5 51. Rc7 Nf7 52. Rb7 e5 53. g3 Kg6 54. gxf4 exf4 55. Kf2 Kf6 56. h4 Kg6 57. Kf3 Nh6 58. Kxf4 Nf7 59. h5+ Kf6 60. Ke3 Ke6 61. Kd4 Kf6 62. Kc5 Rc8+ 63. Kb6 Nd6 64. Rb8 Nc4+ 65. Kb5 Nd6+ 66. Kb4 Rc4+ 67. Kb3 Rf4 68. a8=Q Nf7 69. Qc6+ Kg5 70. Rb5+ Kh4 71. Qh1+ Kg4 72. Qg2+ Kh4 73. Rb7 Ng5 74. h8=Q Ne4 75. Rb4 Rf3+ 76. Ka4 Ra3+ 77. Kb5 Ra5+ 78. Kc6 Rc5+ 79. Kb6 Rc6+ 80. Ka5 Rc5+ 81. Rb5 Rc4 82. Qd8+ 1-0

[Event "2nd IECC, Ohrid MKD"]
[Site "?"]
[Date "2001.??.??"]
[Round "2"]
[White "Miladinovic, I."]
[Black "Beliavsky, A."]
[Result "1/2-1/2"]
[WhiteElo "2515"]
[BlackElo "2635"]
[PlyCount "253"]
[EventDate "2001.??.??"]
[Source "www.chesslib.no"]
[SourceDate "2004.05.04"]

1. d4 Nf6 2. Bg5 e6 3. e3 h6 4. Bh4 c5 5. c3 b6 6. Nd2 Bb7 7. Ngf3 Be7 8. Bg3 O-O 9. Bd3 d6 10. h3 Ba6 11. Bxa6 Nxa6 12. Qe2 Qc8 13. O-O Qb7 14. a4 Rac8 15. Rfe1 Nb8 16. e4 cxd4 17. Nxd4 Rfd8 18. N2f3 Nc6 19. Nxc6 Rxc6 20. e5 dxe5 21. Bxe5 Rc5 22. Nd4 Nd7 23. Bg3 Nf8 24. Qe4 Qd7 25. Qf3 Ng6 26. Re4 Rd5 27. Rae1 Bc5 28. Nb3 Rd3 29. Nxc5 bxc5 30. Qh5 Qc6 31. Qe2 R8d5 32. h4 Rd2 33. Qb5 Qxb5 34. axb5 Rxb2 35. c4 Rdd2 36. Ra1 Ne7 37. Be5 Rb3 38. Rg4 Nf5 39. Rf4 f6 40. Bb8 a6 41. Rxa6 Rb1+ 42. Kh2 Rdd1 43. Rxf5 exf5 44. Rc6 Rd4 45. Rxc5 Rb4 46. g3 Rdxc4 47. Rxf5 Kf7 48. Rd5 Rc2 49. Ba7 Ke6 50. Rd3 Rxb5 51. Kg2 h5 52. Be3 Rcb2 53. Ra3 Kf5 54. Ra7 Kg6 55. Rc7 Rb7 56. Rc6 R2b5 57. Rc4 Re7 58. Kf3 Rbe5 59. Rb4 Kf5 60. Rf4+ Ke6 61. Rb4 Rd7 62. Rb6+ Kf5 63. Rb4 Rd3 64. Rf4+ Ke6 65. Rb4 Ra3 66. Rb7 g6 67. Rb4 Rf5+ 68. Kg2 Ra6 69. Rc4 Rfa5 70. Re4+ Kf7 71. Rb4 Ra4 72. Rb5 Ke6 73. Kf3 R6a5 74. Rb6+ Kf5 75. Bd2 Rd5 76. Be3 Rda5 77. Rb8 Rd5 78. Rf8 Ra1 79. Rb8 g5 80. hxg5 fxg5 81. Rf8+ Ke6 82. Re8+ Kf7 83. Rh8 Ra4 84. Rc8 Rb4 85. Kg2 Rb1 86. Kf3 Rf5+ 87. Ke4 Rbb5 88. Rc7+ Kg6 89. Rc6+ Rf6 90. Rxf6+ Kxf6 91. Bd4+ Ke6 92. Kf3 Kf5 93. g4+ hxg4+ 94. Kg2 Rb3 95. Be3 Kg6 96. Bc5 g3 97. f3 Kf5 98. Bd6 g4 99. Kxg3 gxf3 100. Bc5 Ke4 101. Kf2 Rc3 102. Ba7 Rc7 103. Bb6 Rc2+ 104. Kf1 Rc6 105. Ba7 Ra6 106. Bc5 Kf4 107. Bd4 Ra4 108. Bc5 Rc4 109. Ba7 Rb4 110. Bc5 Rb5 111. Bd4 Kg4 112. Kf2 Rb4 113. Bc5 Rb2+ 114. Kf1 Rc2 115. Ba7 Rb2 116. Bc5 Rb5 117. Bd4 Kf4 118. Kf2 Rd5 119. Bb6 Rd7 120. Be3+ Kg4 121. Bb  Rb7 122. Bc5 Rb5 123. Bd4 Rh5 124. Bb6 Rh2+ 125. Kf1 f2 126. Ke2 Kg3 127. Bc5 1/2-1/2

[Event "MTO"]
[Site "Biel"]
[Date "2004.07.26"]
[Round "7"]
[White "Rustemov, Alexander"]
[Black "Brodsky, Michail"]
[Result "1-0"]
[WhiteElo "2589"]
[BlackElo "2548"]
[PlyCount "135"]
[EventDate "2004.07.19"]
[Source "Roberto Alvarez"]
[SourceDate "2004.08.10"]

1. d4 Nf6 2. Nf3 e6 3. e3 b6 4. Bd3 Bb7 5. O-O g6 6. c4 Bg7 7. Nc3 d5 8. b4 dxc4 9. Bxc4 O-O 10. Rb1 Ne4 11. Nxe4 Bxe4 12. Rb3 Nd7 13. b5 c5 14. bxc6 Bxc6 15. Ba3 Ba4 16. Bxf8 Nxf8 17. Ba6 Qe7 18. Qa1 Bxb3 19. axb3 Rd8 20. Rc1 Bf6 21. g3 g5 22. h3 Ng6 23. Rc4 e5 24. dxe5 Bxe5 25. Qc1 Qf6 26. Kg2 h6 27. Qc2 Bd6 28. b4 Ne7 29. h4 gxh4 30. Nxh4 Bb8 31. b5 Kh8 32. Bb7 Rg8 33. Nf3 Nf5 34. Qc3 Qg7 35. Qxg7+ Kxg7 36. Rg4+ Kf8 37. Kh3 Rg6 38. Be4 Rf6 39. Kg2 Ne7 40. Bd3 Ke8 41. Ra4 Rd6 42. Nd4 Rd5 43. f4 Rd7 44. Be4 Bd6 45. Kf3 Rc7 46. Ke2 Bc5 47. Nf3 Bd6 48. Ra1 Kf8 49. Rd1 Bb4 50. Rd8+ Kg7 51. Bd3 Bc3 52. e4 Ng6 53. e5 Bb2 54. Ke3 Bc1+ 55. Ke4 Bb2 56. Nd4 Bxd4 57. Kxd4 Rc5 58. Rd5 Nf8 59. f5 Rc8 60. Ke3 h5 61. Kf4 Rc7 62. Rd8 Rd7 63. f6+ Kg8 64. Bh7+ Kxh7 65. Rxf8 Kh6 66. Kf5 Kh7 67. Rxf7+ Rxf7 68. e6 1-0

[Event "2nd Open"]
[Site "Nantes"]
[Date "2003.12.29"]
[Round "7"]
[White "Bagheri, Amir"]
[Black "Istratescu, Andrei"]
[Result "1/2-1/2"]
[WhiteElo "2541"]
[BlackElo "2595"]
[PlyCount "79"]
[EventDate "2003.12.26"]
[Source "Roberto Alvarez"]
[SourceDate "2004.01.05"]

1. d4 Nf6 2. Nf3 b6 3. Bg5 e6 4. e4 h6 5. Bxf6 Qxf6 6. Nc3 Bb4 7. Bd3 Bb7 8. Qd2 c5 9. a3 Bxc3 10. Qxc3 Nc6 11. e5 Qe7 12. dxc5 Qxc5 13. Qxc5 bxc5 14. Be4 f6 15. O-O-O O-O-O 16. Rhe1 Rhf8 17. exf6 gxf6 18. Nd2 Kc7 19. Nb3 c4 20. Nc5 Bc8 21. f4 d5 22. Bf3 Kd6 23. Ne4+ Kc7 24. Nc5 Kd6 25. Na4 f5 26. b4 cxb3 27. cxb3 Bd7 28. Nc3 Rb8 29. Kb2 Ne7 30. Ne2 Rb6 31. Nd4 Nc6 32. Re3 Nxd4 33. Rxd4 Rfb8 34. Bd1 Rg8 35. Rd2 a5 36. Rh3 Rg6 37. Bh5 Rg7 38. Bd1 Rg6 39. Bh5 Rg7 40. Bd1 1/2-1/2

[Event "Mind Sports Games - Blitz Ind"]
[Site "Pechino CINA"]
[Date "2008.10.04"]
[Round "4"]
[White "Sandipan, C."]
[Black "Aveskulov, V."]
[Result "1-0"]
[WhiteElo "2579"]
[BlackElo "2544"]
[PlyCount "99"]
[EventDate "2008.10.04"]
[Source "www.chesslib.no"]
[SourceDate "2004.05.04"]

1. d4 Nf6 2. Nf3 c5 3. c3 e6 4. Bg5 h6 5. Bh4 Be7 6. e3 b6 7. Nbd2 Bb7 8. Bd3 d6 9. Qe2 O-O 10. O-O Nbd7 11. e4 Nh5 12. Bg3 a6 13. a4 Nxg3 14. hxg3 Qc7 15. e5 cxd4 16. cxd4 dxe5 17. dxe5 Nc5 18. Bc2 Rad8 19. Rac1 Qd7 20. Rfd1 Nd3 21. Rb1 Nb4 22. Nc4 Qc7 23. Be4 Bxe4 24. Qxe4 Rd5 25. Ne3 Rxd1+ 26. Rxd1 Rd8 27. Rxd8+ Qxd8 28. Nd4 Bc5 29. Nf3 a5 30. Kh2 Qd7 31. b3 Qd3 32. Qa8+ Kh7 33. Qe8 Bxe3 34. fxe3 Qf5 35. e4 Qh5+ 36. Kg1 Nd3 37. Qb8 Nc5 38. Qxb6 Nxe4 39. Qxa5 Nxg3 40. Qe1 Qg4 41. a5 Nh5 42. a6 Nf4 43. Qf1 Nd5 44. a7 Nc7 45. Qc4 Qxc4 46. bxc4 Kg6 47. Nd4 Kg5 48. Nb5 Na8 49. c5 Kf5 50. c6 1-0

[Event "Amsterdam  YB/4"]
[Site "?"]
[Date "1985.??.??"]
[Round "9"]
[White "Timman"]
[Black "Sunye Neto"]
[Result "1-0"]
[WhiteElo "2640"]
[BlackElo "2480"]
[PlyCount "113"]
[EventDate "1985.??.??"]
[Source "www.chesslib.no"]
[SourceDate "2004.05.04"]

1. d4 Nf6 2. Nf3 b6 3. Bg5 Ne4 4. Bh4 g6 5. Nbd2 Nxd2 6. Qxd2 Bb7 7. O-O-O Bg7 8. e4 O-O 9. e5 c5 10. d5 f6 11. exf6 exf6 12. Bg3 Ba6 13. h4 Bxf1 14. Rdxf1 Rf7 15. h5 g5 16. h6 Bf8 17. Re1 d6 18. Re6 Na6 19. Qd3 Nc7 20. Qf5 Be7 21. Rd1 Nxe6 22. dxe6 Rf8 23. Nh2 Qe8 24. Ng4 Rd8 25. Ne3 Qg6 26. c4 Qxh6 27. Qd5 g4 28. Rd2 f5 29. Nxf5 Rxf5 30. Qxf5 Qg6 31. Qxg6+ hxg6 32. Re2 Kg7 33. Re4 Kf6 34. Rxg4 g5 35. Re4 d5 36. cxd5 Rxd5 37. f3 Kf5 38. Bb8 a6 39. g4+ Kf6 40. Kc2 b5 41. b3 Bd8 42. Bc7 Be7 43. Bg3 Kg6 44. Bc7 Kf6 45. a4 Kg6 46. Re5 Rd4 47. axb5 axb5 48. Bb6 Rd6 49. Bxc5 Rc6 50. b4 Kf6 51. Re3 Bxc5 52. Rc3 Rxe6 53. bxc5 b4 54. Rc4 Rc6 55. Kb3 Ke6 56. Kxb4 Kd5 57. Rc1 1-0

[Event "CZE-chT9900"]
[Site "CZE"]
[Date "2000.??.??"]
[Round "7"]
[White "Stocek, Jiri"]
[Black "Ftacnik, Lubomir"]
[Result "0-1"]
[WhiteElo "2530"]
[BlackElo "2585"]
[PlyCount "64"]
[EventDate "1999.??.??"]
[Source "www.chesslib.no"]
[SourceDate "2004.05.04"]

1. Nf3 c5 2. b3 b6 3. Bb2 Bb7 4. e3 Nf6 5. d4 e6 6. Bd3 Nc6 7. a3 cxd4 8. exd4 Nd5 9. g3 Nde7 10. O-O d5 11. c4 g6 12. c5 Bg7 13. Qe2 a5 14. Nc3 Nf5 15. Na4 Nfxd4 16. Nxd4 Nxd4 17. Qe3 bxc5 18. Nxc5 Nf3+ 19. Qxf3 Bxb2 20. Ra2 Bg7 21. Nxb7 Qb6 22. Qe3 Qxb7 23. Qc5 Rb8 24. a4 Qb6 25. Bb5+ Kd8 26. Qa3 Rc8 27. Rc1 Bc3 28. Rac2 d4 29. b4 Qd6 30. Qa2 axb4 31. a5 Ke7 32. a6 d3 0-1

[Event "GER-ITA corr"]
[Site "GER-ITA corr"]
[Date "1996.??.??"]
[Round "2"]
[White "Tirabassi, Maurizio"]
[Black "Busemann, Stephan"]
[Result "0-1"]
[WhiteElo "2555"]
[BlackElo "2555"]
[PlyCount "154"]
[EventDate "1996.??.??"]
[Source "www.chesslib.no"]
[SourceDate "2004.05.04"]

1. d4 Nf6 2. Nf3 e6 3. Bf4 b6 4. e3 Bb7 5. Bd3 Be7 6. h3 c5 7. c3 O-O 8. Nbd2 d6 9. O-O Nbd7 10. Qe2 cxd4 11. exd4 Re8 12. Rfe1 Bf8 13. Rad1 Qc7 14. Bh2 a6 15. Ne4 Nxe4 16. Bxe4 Bxe4 17. Qxe4 Nf6 18. Qd3 b5 19. Ng5 Qc6 20. Bf4 Rec8 21. Rc1 a5 22. Bd2 Qc4 23. Qb1 Qd5 24. Nf3 Ra7 25. Re2 Rac7 26. Rce1 g6 27. Nh2 Qc4 28. Nf1 Nd5 29. Ne3 Qc6 30. Nxd5 Qxd5 31. b3 a4 32. Qe4 Qxe4 33. Rxe4 d5 34. R4e2 axb3 35. axb3 Ra7 36. Rb1 b4 37. Be1 bxc3 38. Rc2 Rac7 39. Kf1 Bg7 40. Rd1 Rb7 41. Rd3 Rxb3 42. Rcxc3 Rcxc3 43. Rxc3 Rxc3 44. Bxc3 Bf8 45. Ke2 Bd6 46. Ke3 Kg7 47. Kd3 Kf6 48. Ba5 h5 49. Bd2 Kf5 50. Ba5 f6 51. Bd2 Bf4 52. Bb4 e5 53. dxe5 fxe5 54. f3 Bc1 55. Be1 Kf4 56. Bf2 g5 57. Be1 d4 58. Bf2 Be3 59. Be1 Bg1 60. Ke2 e4 61. fxe4 Kxe4 62. Ba5 d3+ 63. Kd2 Bc5 64. Bd8 Bb4+ 65. Kd1 Kf5 66. Bc7 g4 67. hxg4+ Kxg4 68. Be5 Kf5 69. Bc7 Bc3 70. Bd8 Ke4 71. Be7 Be5 72. Ke1 Bf4 73. Bb4 Be3 74. Ba5 Kf4 75. Kf1 Kg3 76. Bb4 Bg5 77. Ba5 Bh4 0-1

[Event "open"]
[Site "Sharjah"]
[Date "2003.09.01"]
[Round "6"]
[White "Harikrishna, Penteala"]
[Black "Ghaem Maghami, Ehsan"]
[Result "1/2-1/2"]
[WhiteElo "2558"]
[BlackElo "2544"]
[PlyCount "32"]
[EventDate "2003.08.27"]
[Source "Roberto Alvarez"]
[SourceDate "2003.09.22"]

1. d4 Nf6 2. Nf3 c5 3. e3 b6 4. Bd3 Bb7 5. O-O g6 6. c4 Bg7 7. Nc3 cxd4 8. exd4 d5 9. Bg5 dxc4 10. Bxc4 O-O 11. Ne5 Nc6 12. Nxc6 Bxc6 13. d5 Bb7 14. Re1 a6 15. a4 h6 16. Bf4 b5 1/2-1/2

[Event "Hyeres Open"]
[Site "Hyeres FRA"]
[Date "1992.??.??"]
[Round "?"]
[White "Vaisser, Anatoli V"]
[Black "Kosten, Anthony C"]
[Result "1/2-1/2"]
[WhiteElo "2580"]
[BlackElo "2515"]
[PlyCount "144"]
[EventDate "1992.07.??"]
[Source "www.chesslib.no"]
[SourceDate "2004.05.04"]

1. d4 Nf6 2. Nf3 e6 3. Bg5 Be7 4. Nbd2 c5 5. e3 b6 6. Bd3 Bb7 7. c3 Nc6 8. a3 cxd4 9. cxd4 Nd5 10. Ne4 f6 11. Bh4 O-O 12. Bg3 d6 13. h4 h6 14. Rc1 Rc8 15. Nc3 Nxc3 16. Rxc3 Na5 17. Rxc8 Qxc8 18. O-O f5 19. Nd2 Qd8 20. b4 Nc6 21. h5 e5 22. dxe5 dxe5 23. Nf3 f4 24. Bc4+ Kh8 25. Qxd8 Bxd8 26. Nh4 Ne7 27. exf4 exf4 28. Bh2 g5 29. hxg6 Nc8 30. Nf3 Bxf3 31. gxf3 Ne7 32. Bf7 Kg7 33. Bxf4 Nxg6 34. Bxg6 Kxg6 35. Be3 Rxf3 36. Kg2 Rf7 37. b5 Bg5 38. f4 Be7 39. a4 Bd6 40. Kf3 Rc7 41. Rg1+ Kf7 42. Rd1 Be7 43. Kg4 Rc4 44. Rd4 Rxd4 45. Bxd4 Ke6 46. Bg7 Kd5 47. Bxh6 Kc4 48. f5 Kb4 49. Bg5 Bf8 50. Bd8 Bg7 51. Kg5 Bd4 52. Bf6 Bc5 53. Bd8 Bd4 54. Bf6 Bc5 55. Kg6 Kxa4 56. Bd8 Bd4 57. Bf6 Bc5 58. Bg5 Bd4 59. Bh6 Kxb5 60. Bg7 Bc5 61. f6 a5 62. f7 Kc4 63. Bh6 Kd3 64. Kf5 a4 65. f8=Q Bxf8 66. Bxf8 b5 67. Kf4 Kc3 68. Ke3 Kb2 69. Kd2 a3 70. Bg7+ Kb1 71. Kc3 a2 72. Kb4 a1=Q 1/2-1/2

[Event "BL2-S 9899"]
[Site "?"]
[Date "1999.03.07"]
[Round "7.1"]
[White "Hertneck Gerald"]
[Black "Oral Tomas"]
[Result "0-1"]
[WhiteElo "2573"]
[BlackElo "2521"]
[PlyCount "56"]
[EventDate "1999.??.??"]
[Source "www.chesslib.no"]
[SourceDate "2004.05.04"]

1. d4 Nf6 2. Nf3 e6 3. e3 b6 4. Bd3 Bb7 5. O-O Be7 6. Nbd2 d5 7. Ne5 O-O 8. b3 c5 9. Bb2 Nbd7 10. Qe2 Nxe5 11. dxe5 Ne4 12. Rad1 Nxd2 13. Rxd2 Qc7 14. f4 f5 15. c4 Rad8 16. cxd5 Bxd5 17. Rfd1 Qb7 18. Ba6 Qa8 19. h3 g6 20. Bc4 Bxc4 21. Qxc4 Kf7 22. Kf2 Rxd2+ 23. Rxd2 Rd8 24. Re2 Bh4+ 25. Kg1 Bg3 26. Qc1 Qd5 27. Qf1 Qd1 28. Bc3 Bh2+ 0-1

[Event "Bar Sozina Open"]
[Site "?"]
[Date "2005.03.09"]
[Round "6"]
[White "Ivanisevic Ivan"]
[Black "Perunovic Milos"]
[Result "1/2-1/2"]
[WhiteElo "2530"]
[BlackElo "2564"]
[PlyCount "28"]
[EventDate "2005.??.??"]
[Source "www.chesslib.no"]
[SourceDate "2004.05.04"]

1. d4 Nf6 2. Nf3 e6 3. Bg5 h6 4. Bh4 c5 5. e3 b6 6. Nbd2 Bb7 7. c3 Be7 8. Bd3 O-O 9. O-O Nc6 10. a3 Rc8 11. e4 cxd4 12. cxd4 Nh5 13. Bxe7 Qxe7 14. g3 d6 1/2-1/2

[Event "Makarska"]
[Site "?"]
[Date "1995.??.??"]
[Round "5"]
[White "Kovacevic Vlatko"]
[Black "Cebalo Miso"]
[Result "0-1"]
[WhiteElo "2520"]
[BlackElo "2570"]
[PlyCount "128"]
[EventDate "1995.??.??"]
[Source "www.chesslib.no"]
[SourceDate "2004.05.04"]

1. d4 c5 2. e3 e6 3. Nf3 b6 4. Bd3 Bb7 5. O-O Nf6 6. Nbd2 Be7 7. b3 O-O 8. Bb2 Nc6 9. a3 cxd4 10. exd4 Re8 11. Ng5 d5 12. f4 Bf8 13. Qe1 g6 14. Qg3 Bg7 15. Rae1 Qc7 16. Qh4 Rad8 17. c3 Ne7 18. g4 h6 19. Nh3 h5 20. g5 Ne4 21. Nxe4 dxe4 22. Bxe4 Bxe4 23. Rxe4 Qc6 24. Qe1 a5 25. Nf2 a4 26. bxa4 Qxa4 27. Nd3 Rc8 28. Nb4 Qb3 29. Re2 Red8 30. Qd1 Qc4 31. Rf3 Nf5 32. Qd3 Qb3 33. Kf2 Nd6 34. Qc2 Qc4 35. Qd3 Qc7 36. Kg3 Nc4 37. Qb1 Ra8 38. Qe1 Nxb2 39. Rxb2 Rxa3 40. Nc2 Ra5 41. h4 e5 42. fxe5 Bxe5+ 43. Kg2 Bd6 44. Qe4 Raa8 45. Nb4 Bxb4 46. cxb4 Qc4 47. Rf4 Ra2 48. Rxa2 Qxa2+ 49. Kg3 Qb3+ 50. Qf3 Qxb4 51. Rxf7 Rxd4 52. Rf6 Rg4+ 53. Kf2 Qd4+ 54. Ke2 Re4+ 55. Kf1 Qc4+ 56. Kf2 Kg7 57. Kg3 b5 58. Qf2 Qc7+ 59. Kg2 Qd7 60. Rxg6+ Kxg6 61. Qf6+ Kh7 62. Qh6+ Kg8 63. Qg6+ Kf8 64. Qxe4 Qg4+ 0-1

[Event "Sarajevo"]
[Site "Sarajevo BIH"]
[Date "1971.??.??"]
[Round "7"]
[White "Bronstein, David I"]
[Black "Damjanovic, Mato"]
[Result "1/2-1/2"]
[WhiteElo "2590"]
[BlackElo "2500"]
[PlyCount "47"]
[EventDate "1971.??.??"]
[Source "www.chesslib.no"]
[SourceDate "2004.05.04"]

1. d4 Nf6 2. Nf3 e6 3. Bf4 b6 4. e3 Bb7 5. Bd3 d5 6. Ne5 a6 7. Nd2 Nbd7 8. Qf3 Nxe5 9. Bxe5 Nd7 10. Bf4 Nf6 11. g4 Bd6 12. g5 Bxf4 13. Qxf4 Nd7 14. Rg1 c5 15. c3 Qe7 16. Qc7 Rb8 17. Nf3 Qd8 18. Qf4 Rc8 19. Rg3 Qc7 20. Qh4 g6 21. Qf4 Qxf4 22. exf4 cxd4 23. cxd4 h5 24. Kd2 1/2-1/2

[Event "Sants"]
[Site "?"]
[Date "2006.08.31"]
[Round "7"]
[White "Giorgadze Giorgi"]
[Black "Lopez Martinez Josep Manuel"]
[Result "1-0"]
[WhiteElo "2607"]
[BlackElo "2480"]
[PlyCount "64"]
[EventDate "2006.??.??"]
[Source "www.chesslib.no"]
[SourceDate "2004.05.04"]

1. d4 Nf6 2. Nf3 e6 3. e3 b6 4. Bd3 Bb7 5. O-O Be7 6. c4 d5 7. cxd5 exd5 8. b4 O-O 9. Qb3 c6 10. a4 Bd6 11. Nc3 Qe7 12. Ba3 Nbd7 13. Rfc1 g6 14. Bf1 a6 15. a5 b5 16. Ra2 Kg7 17. Ne1 Rae8 18. Re2 Ne4 19. Nd3 Qh4 20. g3 Qg4 21. Qd1 Ng5 22. Ne1 Nf6 23. Bg2 Bc8 24. f3 Nh3+ 25. Bxh3 Qxh3 26. Ng2 Bd7 27. Qf1 Nh5 28. Ne1 Qxf1+ 29. Kxf1 f5 30. Nd3 Re7 31. Kf2 Nf6 32. Nd1 Bb8 1-0

[Event "Munich"]
[Site "?"]
[Date "1988.??.??"]
[Round "?"]
[White "Yusupov, A."]
[Black "Hertneck, G."]
[Result "1/2-1/2"]
[WhiteElo "2620"]
[BlackElo "2465"]
[PlyCount "49"]
[EventDate "1988.??.??"]
[Source "www.chesslib.no"]
[SourceDate "2004.05.04"]

1. d4 Nf6 2. Nf3 e6 3. e3 c5 4. Bd3 b6 5. O-O Bb7 6. Nbd2 Nc6 7. a3 Be7 8. Re1 O-O 9. b3 d6 10. Bb2 Qc7 11. c4 cxd4 12. exd4 d5 13. Rc1 dxc4 14. bxc4 Rfd8 15. Bb1 Qf4 16. Qe2 Rac8 17. Nf1 Bf8 18. Ne3 Na5 19. d5 exd5 20. Be5 Qh6 21. Nf5 Qh5 22. Ng3 Qh6 23. Nf5 Qh5 24. Ng3 Qh6 25. Nf5 1/2-1/2

[Event "Indonesia"]
[Site "Indonesia"]
[Date "1983.??.??"]
[Round "?"]
[White "Jussupow, Artur M"]
[Black "Hulak, Krunoslav"]
[Result "1-0"]
[WhiteElo "2565"]
[BlackElo "2515"]
[PlyCount "53"]
[EventDate "1983.11.??"]
[Source "www.chesslib.no"]
[SourceDate "2004.05.04"]

1. d4 Nf6 2. Nf3 e6 3. e3 c5 4. Bd3 b6 5. O-O Bb7 6. b3 Be7 7. Bb2 O-O 8. Nbd2 Nc6 9. a3 Rc8 10. Qe2 Re8 11. Rfd1 Qc7 12. Rac1 Qb8 13. dxc5 bxc5 14. c4 a5 15. Bb1 d6 16. Ng5 g6 17. f4 d5 18. Qf3 d4 19. Qh3 h5 20. Qg3 Ng4 21. Nxf7 Kxf7 22. h3 Bf6 23. hxg4 h4 24. Qh2 dxe3 25. Bxf6 exd2 26. Qxh4 dxc1=Q 27. Bxg6+ 1-0

[Event "Ch Europe team"]
[Site "Ch Europe team"]
[Date "1983.??.??"]
[Round "?"]
[White "Jussupow, Artur M"]
[Black "Farago, Ivan"]
[Result "1/2-1/2"]
[WhiteElo "2565"]
[BlackElo "2505"]
[PlyCount "29"]
[EventDate "1983.??.??"]
[Source "www.chesslib.no"]
[SourceDate "2004.05.04"]

1. d4 Nf6 2. Nf3 e6 3. e3 c5 4. Bd3 b6 5. O-O Bb7 6. b3 Be7 7. Bb2 O-O 8. Nbd2 Nc6 9. a3 Rc8 10. Qe2 Re8 11. Rad1 Bf8 12. dxc5 bxc5 13. Ng5 e5 14. c4 Nd4 15. Qe1 1/2-1/2